000 00811nam a22002177a 4500
005 20100723131351.0
010 _aENG-96495
020 _a8179860671
_c390.00
020 _a9788179860670
_c390.00
035 _aEN-80028
037 _bDBAD/PUB
082 _a338.64
100 _aAnand, Vinod K.
_91032
245 _aEmployment Role Of Micro Enterprises in Himachal Pradesh :
_bTheoratical and Qualatative Assessment /
_cby Anand K. Vinod
260 _aShimla
_bIndian Institute of Advanced study
_cn.d
270 _aIndian Institute Of Advanced study,Rashtrapati Nivas
_bShimla
300 1 _a195p.
_c22cm (Hb)
500 _aincludes index
942 _2ddc
_cEN
_mANA
_h338.64
999 _c37390
_d37390